|
|
|
|
| LEADER |
00000nab a2200000 a 4500 |
| 001 |
vtls000417134 |
| 003 |
SK-MaSNL |
| 005 |
20260311224504.0 |
| 008 |
250310c1991 xo 0 slo |
| 015 |
|
|
|a SNBRB19rr/mm-uuuuu
|
| 035 |
|
|
|a CL0417259
|
| 035 |
|
|
|a urn:nbn:sk:snk-abf1vx
|
| 035 |
|
|
|a (urnnbn)urn:nbn:sk:snk:ar-005mg8
|
| 035 |
|
|
|a (uuid)75e3f792-5363-4852-805f-92c2ac2debf8
|
| 040 |
|
|
|a SNKBUCL
|b slo
|c SNKBUCL
|e AACR2
|
| 041 |
0 |
|
|a slo
|
| 044 |
|
|
|a xo
|c SK
|
| 080 |
|
|
|a 82:061.2
|2 1981
|
| 080 |
|
|
|a 061.2
|2 1981
|
| 080 |
|
|
|a 885.0
|2 1981
|
| 080 |
|
|
|a 885.4 (437)
|2 1981
|
| 080 |
|
|
|a 885.4
|2 1981
|
| 080 |
|
|
|a 885.0 (437)
|2 1981
|
| 100 |
1 |
|
|a Baloghová, Magda,
|d 1945-
|4 aut
|9 105180
|
| 245 |
1 |
0 |
|a Zasadal Koordinačný výbor Česko-slovenskej sekcie IBBY
|c Magda Baloghová
|
| 610 |
2 |
7 |
|a International Board on Books for Young People2SNKKA
|2 snkbucl
|9 1590145
|
| 651 |
|
7 |
|a Československo
|2 snkbucl
|9 21376
|
| 655 |
|
7 |
|a články z novín a časopisov
|2 snkbucl
|9 267496
|
| 655 |
|
7 |
|a články z odboru literárna veda a krásna literatúra
|2 snkbucl
|9 770045
|
| 773 |
0 |
|
|t Zlatý máj
|g Roč. 35, č. 2 (1991), s. 69
|
| 850 |
|
|
|a Slovenská národná knižnica v Martine
|a MTA001
|
| 852 |
|
|
|a SNK
|b KIS3GCP
|
| 957 |
|
|
|a 5211
|
| 958 |
|
|
|a OND
|
| 958 |
|
|
|a RK
|
| 958 |
|
|
|a LX
|
| 958 |
|
|
|a article27
|
| 992 |
|
|
|a RBX
|
| 999 |
|
|
|c 3259643
|d 3261573
|